Vývoj štátnej ochrany prírody na Slovensku v rokoch 1918-1938

Vznik prvej štátnej inštitúcie na ochranu prírody na Slovensku (Vládny komisariát 1919-1922). Štátny referát o ochrane prírody (1922-1939). Príprava prírodných rezervácií na Slovensku.

Enregistré dans:
Détails bibliographiques
Auteur principal: Stockmann, Viliam
Format: Chapitre de livre
Langue:slovaque
Sujets:
Tags: Ajouter un tag
Pas de tags, Soyez le premier à ajouter un tag!

MARC

LEADER 00000naa a2200000 4500
001 0227135
005 20221019173037.9
041 0 |a slo 
044 |a SK 
245 1 0 |a Vývoj štátnej ochrany prírody na Slovensku v rokoch 1918-1938  |c Viliam Stockmann 
520 |a Vznik prvej štátnej inštitúcie na ochranu prírody na Slovensku (Vládny komisariát 1919-1922). Štátny referát o ochrane prírody (1922-1939). Príprava prírodných rezervácií na Slovensku. 
610 2 0 |a ochrana prírody 
610 2 0 |a štát 
610 2 0 |a história 
610 2 0 |a Slovensko 
100 1 |a Stockmann, Viliam